000 00848nam a2200229 i 4500
001 43557
003 ES-MaACL
005 20240224062534.0
007 t|
008 030318m18331839sp ||||1| spa d
080 _a821.134.2-31"15"
100 1 _aCervantes Saavedra, Miguel de,
_d1547-1616
_9226514
240 1 0 _aDon Quijote de la Mancha
245 1 3 _aEl ingenioso hidalgo don Quijote de la Mancha /
_ccompuesto por Miguel de Cervantes Saavedra ; y comentado por Diego Clemencín.
260 _aMadrid :
_b[s.n.],
_c1833-1839 (
_fE. Aguado)
300 _a6 v. :
_bil. ;
_c21 cm.
530 _aDisponible en formato digital.
700 1 _aClemencín, Diego.
_939172
852 _aES-MaACL
_jR-2093-98. Olim: B-2019-24.
856 _uhttp://bdh-rd.bne.es/viewer.vm?id=0000011421&page=1
_zBiblioteca Digital Hispánica
999 _c43557
_d43557